Continue The Sequence - Statistics

General Stats
  • This quiz has been taken 61 times
  • The average score is 8 of 15
Answer Stats
Sequence / Pattern Following Number % Correct
1, 2, 3, 4, 5, 6 (+1)
100%
14, 12, 10, 8, 6, 4 (-2)
98%
2, 4, 8, 16, 32, 64 (*2)
96%
48, 24, 12, 6, 3 (/2)
93%
15, 20, 14, 19, 13, 18 (+5, -6)
84%
100, 95, 85, 65, 25 (-5, -10, -20, -40)
80%
(0), 1, 1, 2, 3, 5, 8 (Fibonacci Sequence)
64%
5, 75, 15, 225, 45 (*15, /5)
58%
X, XX, XXX, XL, L or 50 (+10 with Roman Numerals)
56%
6.561, 2.187, 243, 81, 9 (/3, /9)
29%
10000000, 10000, 400 100 (256 in the Systems of 2^1, 2^2, 2^3, 2^4)
13%
200, 162, 128, 98, 72 ((20^2, 18^2, 16^2…)/2)
7%
441, 529, 625, 729, 841 (Square Numbers of 21, 23, 25, 27, 29)
7%
5, 50, 750, 15000, 225.000 (*5, *10, *15…)
4%
2, 2, 4, 64, 16.777.216 (Powering with Fibonacci Numbers)
2%
No matching quizzes found
Score Distribution
Percent of People with Each Score
Percentile by Number Answered
Your Score History
You have not taken this quiz